LOOK AT ME! - XXXTENTACION (Full lyrics) - Statistics

General Stats
  • This quiz has been taken 11 times
  • The average score is 183 of 267
Answer Stats
Answer % Correct
a
100%
"Bitch,
100%
bitch
100%
bitch,
100%
I
100%
fuck?"
91%
Fuck
91%
fuck
91%
Look
91%
look
91%
me
91%
me,
91%
at
82%
I'm
82%
no
82%
yah,
82%
yah
82%
Yah,
82%
Can't
73%
dick
73%
dick,
73%
do,
73%
don't
73%
Don't
73%
in
73%
keep
73%
like,
73%
like
73%
love
73%
mo',
73%
my
73%
My
73%
pants,
73%
She
73%
she
73%
You
73%
your
73%
is
64%
Just
64%
just
64%
on
64%
said,
64%
throat
64%
to
64%
who
64%
be
55%
fucked
55%
got
55%
Got
55%
her
55%
hole
55%
little
55%
mans?"
55%
mans,
55%
put
55%
Starbucks
55%
That
55%
that
55%
the
55%
took
55%
Uzi,
55%
Uzi
55%
"Vro,"
55%
"Wan'
55%
white
55%
wrist,
55%
wrist
55%
ayy
45%
bitches,
45%
booth,
45%
Brought
45%
friends,
45%
gave
45%
kick
45%
of
45%
out,
45%
parents,
45%
shit
45%
three
45%
tongue
45%
wanna
45%
about
36%
amen,
36%
emo
36%
gun
36%
Hilfiger
36%
lean
36%
Mormon
36%
pound
36%
straight
36%
ten,
36%
Tommy
36%
voots,
36%
boof,
27%
head
27%
Ksubis,
27%
misfit
27%
pussy,
27%
Skeet
27%
slit
27%
want
27%
Corbin
18%
Curly
18%
hair
18%
rock
18%
bitch's
9%
forehead
9%
main
9%
No matching quizzes found
Score Distribution
Percent of People with Each Score
Percentile by Number Answered
Your Score History
You have not taken this quiz